| 000 | 01564pam a2200373 a 4500 | ||
|---|---|---|---|
| 999 |
_c10539 _d10539 |
||
| 001 | 670029 | ||
| 003 | OSt | ||
| 005 | 20191231114439.0 | ||
| 008 | 950209s1996 nyua 001 0 eng | ||
| 010 | _a 95006358 | ||
| 020 | _a0070546290 (soft cover) | ||
| 020 | _a9780070546295 | ||
| 040 |
_aDLC _coclc _dDLC |
||
| 050 | 0 | 0 |
_aHB171.5 _b.S245 1996 |
| 082 | 0 | 0 |
_a330 _220 _bSAL/S |
| 100 |
_aSalvatore, Dominick _9459 |
||
| 245 | 1 | 0 |
_aSchaum's outline of Theory and Problems of Principles of Economics / _cDominick Salvatore ; Eugene A. Diulio |
| 246 | 3 | 0 | _aTheory and problems of principles of economics. |
| 246 | 3 | 0 | _aPrinciples of economics. |
| 250 | _a2nd ed. | ||
| 260 |
_aNew York : _bMcGraw-Hill, _cc1996. |
||
| 300 |
_a 400 p _c28 cm. + _e2 computer disks (3 1/2 in.) |
||
| 490 | 0 | _aSchaum's outline series | |
| 500 | _aComputer disks in separate portfolio. | ||
| 500 | _aIncludes index. | ||
| 538 | _aSystem requirements for accompanying computer discs: 80386/80486 PC or compatibles, with Microsoft Windows 3.1 or higher. | ||
| 650 | 0 |
_aEconomics _xOutlines, syllabi, etc. |
|
| 700 | 1 |
_aDiulio, Eugene A. _9949 |
|
| 856 | 4 | 2 |
_3Publisher description _uhttp://www.loc.gov/catdir/description/mh022/95006358.html |
| 856 | 4 | 1 |
_3Table of contents _uhttp://www.loc.gov/catdir/toc/mh022/95006358.html |
| 906 |
_a7 _bcbc _corignew _d1 _eocip _f19 _gy-gencatlg |
||
| 942 |
_2ddc _cBK _h330 _iSAL/S _k330 _mSAL/S |
||